000 00443cam a22001934a 4500
005 20250605164316.0
008 250528s ||||||||||||||||||||||||d
035 _a22717
020 _a9780205483389
040 _aGR-AtMCL
_bgre
_dGR-AtMCL
_eAACR2
245 1 _aEVOLUTIONARY PSYCHOLOGY
250 _a3
260 _bPearson,
_c2008
300 _a475
700 1 _aBuss David M
_97746
942 _cBK
999 _c7763
_d7763